Reservas forestales protectoras nacionales : (Registro nro. 6463)
[ vista simple ]
| 000 -LEADER | |
|---|---|
| fixed length control field | 01878cam a2200361 a 4500 |
| 003 - CONTROL NUMBER IDENTIFIER | |
| control field | OSt |
| 005 - DATE AND TIME OF LATEST TRANSACTION | |
| control field | 20200210090213.0 |
| 008 - FIXED-LENGTH DATA ELEMENTS--GENERAL INFORMATION | |
| fixed length control field | 110303s2005 ck a r 000 0 spa d |
| 020 ## - INTERNATIONAL STANDARD BOOK NUMBER | |
| International Standard Book Number | 9583366501 |
| 040 ## - CATALOGING SOURCE | |
| Original cataloging agency | CO-BoBLA |
| Language of cataloging | spa |
| Transcribing agency | CO-JMCR |
| 041 0# - LANGUAGE CODE | |
| Language code of text/sound track or separate title | spa |
| 082 ## - DEWEY DECIMAL CLASSIFICATION NUMBER | |
| Classification number | R 333.75 / |
| Item number | C718r |
| Edition number | 21 |
| 110 1# - MAIN ENTRY--CORPORATE NAME | |
| Corporate name or jurisdiction name as entry element | Colombia. |
| Subordinate unit | Ministerio de Ambiente, Vivienda y Desarrollo Territorial |
| 9 (RLIN) | 302 |
| 245 10 - TITLE STATEMENT | |
| Title | Reservas forestales protectoras nacionales : |
| Remainder of title | atlas básico / |
| Statement of responsibility, etc. | Ministerio de Ambiente, Vivienda y Desarrollo Territorial ; editor y director general del proyecto Víctor Hugo Vásquez Vásquez ; fotografías Alejandro Ayala, Alejandro Zamora, Alonso Quevedo [y otros 25] |
| 250 ## - EDITION STATEMENT | |
| Edition statement | Segunda edición |
| 260 ## - PUBLICATION, DISTRIBUTION, ETC. | |
| Place of publication, distribution, etc. | Bogotá : |
| Name of publisher, distributor, etc. | Ministerio de Ambiente, Vivienda y Desarrollo Territorial ; |
| -- | Instituto Geográfico Agustín Codazzi ; |
| -- | Embajada Real de los Países Bajos ; |
| -- | Conservación Internacional Colombia, |
| Date of publication, distribution, etc. | 2005. |
| 300 ## - PHYSICAL DESCRIPTION | |
| Extent | 127 páginas : |
| Other physical details | ilustraciones, fotografías a color y mapas ; |
| Dimensions | 42 cm. |
| 500 ## - GENERAL NOTE | |
| General note | Incluye índice |
| 504 ## - BIBLIOGRAPHY, ETC. NOTE | |
| Bibliography, etc. note | Bibliografía: páginas [124]-127 |
| 505 ## - FORMATTED CONTENTS NOTE | |
| Formatted contents note | Región Andina -- Región Caribe -- Regiones Orinoquia y Amazonía -- Región del Pacífico |
| 650 14 - SUBJECT ADDED ENTRY--TOPICAL TERM | |
| Topical term or geographic name entry element | Reservas forestales |
| Geographic subdivision | Colombia |
| Form subdivision | Atlas |
| 9 (RLIN) | 303 |
| 650 24 - SUBJECT ADDED ENTRY--TOPICAL TERM | |
| Topical term or geographic name entry element | Conservación de la naturaleza |
| Geographic subdivision | Colombia |
| Form subdivision | Atlas |
| 9 (RLIN) | 304 |
| 650 24 - SUBJECT ADDED ENTRY--TOPICAL TERM | |
| Topical term or geographic name entry element | Conservación de los recursos naturales |
| Geographic subdivision | Colombia |
| Form subdivision | Atlas |
| 9 (RLIN) | 305 |
| 650 24 - SUBJECT ADDED ENTRY--TOPICAL TERM | |
| Topical term or geographic name entry element | Conservación de bosques |
| Form subdivision | Colombia |
| -- | Atlas |
| 9 (RLIN) | 306 |
| 650 24 - SUBJECT ADDED ENTRY--TOPICAL TERM | |
| Topical term or geographic name entry element | Conservación de la vida silvestre |
| Geographic subdivision | Colombia |
| Form subdivision | Atlas |
| 9 (RLIN) | 307 |
| 650 24 - SUBJECT ADDED ENTRY--TOPICAL TERM | |
| Topical term or geographic name entry element | Recursos naturales |
| Geographic subdivision | Colombia |
| Form subdivision | Atlas |
| 9 (RLIN) | 308 |
| 650 24 - SUBJECT ADDED ENTRY--TOPICAL TERM | |
| Topical term or geographic name entry element | Parques naturales |
| Geographic subdivision | Colombia |
| Form subdivision | Atlas |
| 9 (RLIN) | 309 |
| 700 1# - ADDED ENTRY--PERSONAL NAME | |
| Personal name | Ayala, Alejandro, |
| Relator term | fotógrafo |
| 9 (RLIN) | 310 |
| 700 1# - ADDED ENTRY--PERSONAL NAME | |
| Personal name | Zamora, Alejandro, |
| Dates associated with a name | fotógrafo |
| 9 (RLIN) | 311 |
| 700 1# - ADDED ENTRY--PERSONAL NAME | |
| Personal name | Quevedo, Alonso, |
| Dates associated with a name | fotógrafo |
| 9 (RLIN) | 312 |
| 700 1# - ADDED ENTRY--PERSONAL NAME | |
| Personal name | Vásquez Vásquez, Víctor Hugo, |
| Relator term | editor |
| 9 (RLIN) | 313 |
| 942 ## - ADDED ENTRY ELEMENTS (KOHA) | |
| Source of classification or shelving scheme | Dewey Decimal Classification |
| Koha item type | Books |
| Withdrawn status | Lost status | Source of classification or shelving scheme | Damaged status | Not for loan | Collection code | Home library | Current library | Date acquired | Source of acquisition | Total Checkouts | Full call number | Barcode | Date last seen | Copy number | Price effective from | Koha item type |
|---|---|---|---|---|---|---|---|---|---|---|---|---|---|---|---|---|
| Dewey Decimal Classification | Reference | Biblioteca Pública José María del Castillo y Rada | Biblioteca Pública José María del Castillo y Rada | 02/10/2020 | Donación | R 333.75 / C718r | 201809853 | 02/10/2020 | Ej.1 | 02/10/2020 | Books |